US States by Population Density on a Map - Statistics

General Stats
  • This quiz has been taken 207 times
  • The average score is 39 of 50
Answers on the Map
Answers color-coded by a green-red scale on the quiz's map according to % correct below.
 
Answer Stats
First Letter Population Density in people/mi² Answer % Correct
N 1123 New Jersey
98%
R 1060 Rhode Island
98%
C 747 Connecticut
95%
M 898 Massachusetts
95%
F 422 Florida
94%
M 637 Maryland
94%
D 529 Delaware
93%
O 288 Ohio
92%
P 290 Pennsylvania
91%
N 415 New York
90%
I 226 Illinois
89%
H 223 Hawaii
87%
C 250 California
86%
G 192 Georgia
86%
I 192 Indiana
86%
V 221 Virginia
86%
T 173 Tennessee
85%
K 115 Kentucky
84%
S 179 South Carolina
84%
T 117 Texas
83%
L 106 Louisiana
82%
M 178 Michigan
82%
W 118 Washington
82%
W 109 Wisconsin
82%
A 101 Alabama
81%
N 223 North Carolina
81%
N 157 New Hampshire
79%
W 74 West Virginia
77%
V 70 Vermont
76%
M 90 Missouri
72%
U 42 Utah
71%
A 1.3 Alaska
69%
A 65 Arizona
69%
M 72 Minnesota
69%
O 44 Oregon
69%
K 36 Kansas
68%
A 59 Arkansas
67%
W 6.0 Wyoming
67%
I 57 Iowa
66%
O 59 Oklahoma
65%
C 57 Colorado
64%
I 24 Idaho
64%
M 7.8 Montana
62%
M 63 Mississippi
61%
N 29 Nevada
60%
N 11 North Dakota
60%
S 12 South Dakota
60%
M 45 Maine
59%
N 26 Nebraska
59%
N 17 New Mexico
54%
No matching quizzes found
Score Distribution
Percent of People with Each Score
Percentile by Number Answered
Your Score History
You have not taken this quiz